International Macroeconomics: A Modern Approach A Modern Approach (Record no. 41607)

MARC details
000 -LEADER
fixed length control field 00363nam a2200121Ia 4500
008 - FIXED-LENGTH DATA ELEMENTS--GENERAL INFORMATION
fixed length control field 241015s9999 xx 000 0 und d
041 ## - LANGUAGE CODE
Language code of text/sound track or separate title eng
082 ## - DEWEY DECIMAL CLASSIFICATION NUMBER
Classification number 339 GRO
100 ## - MAIN ENTRY--PERSONAL NAME
Personal name Schmitt-Grohe Stephanie
245 ## - TITLE STATEMENT
Title International Macroeconomics: A Modern Approach A Modern Approach
260 ## - PUBLICATION, DISTRIBUTION, ETC.
Name of publisher, distributor, etc. Princeton University Pres
Place of publication, distribution, etc. New York
Date of publication, distribution, etc. 2022
300 ## - PHYSICAL DESCRIPTION
Extent 466;. p. 25 cm

No items available.

Designed & Maintained by: LRC IMT Nagpur Contact: lrc@imtnag.ac.in© 2024. All Rights Reserved.